书目信息 |
| 题名: |
基辛格传
|
|
| 作者: | 沈剑锋 编著 | |
| 分册: | ||
| 出版信息: | 北京 世界知识出版社 2016 |
|
| 页数: | 14,304页 | |
| 开本: | 24cm | |
| 丛书名: | ||
| 单 册: | ||
| 中图分类: | K837.127=6 , K837.127 | |
| 科图分类: | ||
| 主题词: | ||
| 电子资源: | ||
| ISBN: | 978-7-5012-5143-8 | |
| 000 | 00902nam0 2200241 450 | |
| 001 | 1656716184 | |
| 005 | 20160804023008.0 | |
| 010 | @a978-7-5012-5143-8@dCNY39.80 | |
| 100 | @a20160510d2016 em y0chiy0110 ea | |
| 101 | 0 | @achi |
| 102 | @aCN@b110000 | |
| 105 | @ay z 000yb | |
| 106 | @ar | |
| 200 | 1 | @a基辛格传@9ji xin ge zhuan@e他为美国利益代言@f沈剑锋编著 |
| 210 | @a北京@c世界知识出版社@d2016 | |
| 215 | @a14,304页@d24cm | |
| 330 | @a本书讲述了基辛格怎样由一个犹太难民登上美国国务卿宝座的。内容包括:犹太难民避难华盛顿、美国大兵血战纳粹、“老男孩”的哈佛学生时代、被涉政界的“哈佛政治家”、帮助美国摆脱越战泥沼、中美关系划时代的奠基人等。 | |
| 517 | 1 | @a他为美国利益代言@9ta wei mei guo li yi dai yan |
| 600 | 0 | @a基辛格@c(Kissinger, Henry Alfred@f1923- )@x传记 |
| 690 | @aK837.127=6@v5 | |
| 690 | @aK837.127@v4 | |
| 701 | 0 | @a沈剑锋@9shen jian feng@4编著 |
| 905 | @aMUSE@dK837.127@e53 | |
| 基辛格传:他为美国利益代言/沈剑锋编著.-北京:世界知识出版社,2016 |
| 14,304页;24cm |
| ISBN 978-7-5012-5143-8:CNY39.80 |
| 本书讲述了基辛格怎样由一个犹太难民登上美国国务卿宝座的。内容包括:犹太难民避难华盛顿、美国大兵血战纳粹、“老男孩”的哈佛学生时代、被涉政界的“哈佛政治家”、帮助美国摆脱越战泥沼、中美关系划时代的奠基人等。 |
| ● |
| 相关链接 |
|
|
|
正题名:基辛格传
索取号:K837.127/53
 
预约/预借
| 序号 | 登录号 | 条形码 | 馆藏地/架位号 | 状态 | 备注 |
| 1 | 808120 | 2000808120 | 第二书库/ [索取号:K837.127/53] | 在馆 | |
| 2 | 808121 | 2000808121 | 第二书库/ [索取号:K837.127/53] | 在馆 | |
| 3 | 808122 | 2000808122 | 第二书库/ [索取号:K837.127/53] | 在馆 |